[Event "RUS-chT Premier 2019"]
[Site "Sochi"]
[Date "2019.05.10"]
[Round "9.27"]
[White "Rodshtein, Maxim"]
[Black "Yuffa, Daniil"]
[Result "1-0"]
[WhiteElo "2699"]
[BlackElo "2595"]
[Annotator "TA"]
[PlyCount "147"]
[EventDate "2019.05.01"]
[EventType "team-tourn"]
[EventCountry "RUS"]
[SourceTitle "playchess.com"]
[Source "ChessBase"]
[SourceQuality "1"]

{[%evp 10,147,20,21,31,31,30,40,39,35,56,41,47,30,30,27,44,35,39,34,37,20,21,19,27,2,30,19,25,20,18,13,16,18,25,16,21,24,37,44,70,68,59,37,117,126,119,128,112,112,112,106,125,84,87,88,109,57,61,57,79,58,64,64,50,59,57,70,74,72,64,47,63,45,65,8,10,11,18,0,125,125,125,123,130,130,145,145,145,145,145,145,135,129,110,136,144,137,144,144,144,74,129,64,83,8,8,8,418,349,349,304,298,247,68,51,58,69,349,315,253,253,427,599,580,534,377,361,29965,29965,5708,29963,29965,29963,29949,12297,6103,4627,2399,1629]} 1. d4 Nf6 2. c4 e6 3. Nf3 Bb4+ 4. Nbd2 O-O 5. a3 Be7 6. e4 d6 {E11: Bogo-Indian} 7. Be2 c5 8. d5 exd5 {White is slightly better.} 9. cxd5 Bg4 $146 ({Predecessor:} 9... Re8 10. O-O Bf8 11. Re1 a6 12. Qc2 Bg4 13. b3 Nbd7 14. Bb2 {1-0 (39) Carlsen,M (2857)-Winants,L (2558) Baku 2016}) 10. Qc2 Nbd7 {[%cal Bb8d7,Bd7e5,Be5f3][%mdl 32]} 11. O-O Ne5 12. Re1 Bxf3 13. Nxf3 Nxf3+ 14. Bxf3 Nd7 15. Be2 Bf6 16. Be3 Re8 17. Rac1 Qe7 18. f3 a6 19. Qd2 b5 20. b3 g6 21. Bf2 Qf8 22. Bf1 Qg7 23. Rc2 Be5 24. g3 Bd4 25. Bxd4 cxd4 26. Rc7 Nc5 (26... Ne5 $14 27. Bg2 g5) 27. b4 $16 Na4 28. Rc6 Rad8 29. Rxa6 Nc3 30. Bd3 Re7 31. Rb6 Ra7 32. Ra1 Qe5 33. f4 (33. Bxb5 $6 d3 $11) (33. Qf2 $16) 33... Qe8 $14 34. Qf2 Nxe4 35. Qxd4 Nd2 36. Qf2 $1 {[%cal Rf2d2]} Nc4 37. Rxb5 Qxb5 38. Qxa7 {Threatens to win with Qc7.} Qxd5 39. Bxc4 $1 Qxc4 {[%mdl 4096] Endgame KQR-KQR} 40. Re1 d5 41. Qc5 Qa2 42. b5 (42. Qc3 $14) 42... d4 $11 43. Qb6 $36 {[%mdl 2048] White is more active.} Qd5 44. Qc6 {Strongly threatening Qxd5.} d3 (44... Qb3 $1 $11 {keeps the balance.}) 45. Qxd5 $16 Rxd5 {KR-KR} 46. a4 {[%cal Ba3a4,Ba4a5,Ba5a6][%mdl 32]} Rd4 47. a5 d2 48. Rd1 Rd5 49. a6 Rxb5 50. Rxd2 Ra5 51. Rd6 Ra2 52. Kf1 h5 53. Ke1 Kg7 54. h4 Ra3 55. Kd2 (55. Kd1 $142) 55... Rxg3 56. Rd3 (56. Kc2 $1 $16 {[%cal Rc2b2] Kb2 is the strong threat.} Rf3 57. a7) 56... Rg2+ $14 57. Kc3 (57. Ke3 $16) 57... Ra2 $11 58. Rd6 {Hoping for Kc4.} Kf8 $2 {[%mdl 8192]} (58... f6 $1 $11 {and Black is okay.}) 59. Kb4 $18 Ke7 60. Rb6 Kd7 61. Kb5 Rb2+ 62. Kc5 Ra2 $1 63. Rb7+ Kc8 $2 {[%mdl 8192]} ({Better is} 63... Ke6 $1 $14) 64. Kb6 {aiming for Rc7+.} (64. Rxf7 Rxa6 65. Kd5 Kd8 $11) 64... Rb2+ {[#]} 65. Kc6 $1 Ra2 $2 {[#]} (65... Rc2+ 66. Kb6 Rb2+ 67. Ka7 Rc2 68. Rb8+ (68. Rxf7 Rc7+ 69. Rxc7+ Kxc7 $11) 68... Kd7 69. Rb7+ Kc8 70. Rb8+ (70. Rxf7 Rc7+ 71. Rxc7+ Kxc7 $11) 70... Kc7) 66. Rb6 $1 Ra5 67. Kd6 Ra4 68. Ke7 Re4+ $2 (68... f5 $18 69. Kd6 (69. Rxg6 Kb8 $16) 69... Ra5) 69. Kf8 Kc7 70. Rf6 Re3 71. Kxf7 Rh3 72. Kxg6 Rxh4 73. Kg5 Rh1 74. Rh6 {Accuracy: White = 78%, Black = 61%.} 1-0

[Event "RUS-chT Premier 2019"]
[Site "Sochi"]
[Date "2019.05.10"]
[Round "9.28"]
[White "Antipov, Mikhail Al."]
[Black "Ponkratov, Pavel"]
[Result "1/2-1/2"]
[WhiteElo "2595"]
[BlackElo "2640"]
[Annotator "TA"]
[PlyCount "51"]
[EventDate "2019.05.01"]
[EventType "team-tourn"]
[EventCountry "RUS"]
[SourceTitle "playchess.com"]
[Source "ChessBase"]
[SourceQuality "1"]

{[%evp 15,51,14,12,6,28,0,10,8,11,-41,-23,-31,0,0,0,-11,0,0,-2,-44,-47,-49,-47,-52,0,-18,6,-41,-42,-25,-29,-33,0,0,0,-37,0,0]} 1. Nf3 Nf6 2. g3 c5 3. Bg2 Nc6 4. c4 d5 5. cxd5 Nxd5 6. Nc3 Nc7 7. d3 e5 8. Nd2 Bd7 9. O-O {A34: Symmetrical English: 2 Nc3, lines with ...d5} f6 10. e3 $146 ({Predecessor:} 10. Nc4 b5 11. Ne3 Rb8 12. a4 b4 13. Ncd5 Nxd5 14. Nxd5 Bd6 15. Ne3 Nd4 16. Nc4 Bg4 {1-0 (40) Kalod,R (2497)-Navara,D (2679) Pardubice 2012}) 10... Be6 11. Bxc6+ bxc6 12. Qc2 ({Better is} 12. Qe2 $11) 12... Qd7 13. Nde4 Bh3 14. Re1 h5 15. f3 h4 16. g4 {[#] Threatens to win with Nf2.} f5 17. Nf2 {Strongly threatening Qe2.} fxg4 18. Nxh3 gxh3 19. d4 O-O-O 20. dxe5 Rh5 21. f4 Qg4+ 22. Kh1 $1 Qf3+ 23. Kg1 Qg4+ (23... Rh6 $5 {[%cal Rd8d2]} 24. Qe4 (24. Rf1 $2 Qg4+ 25. Kh1 Rg6 $19) 24... Qg4+ 25. Kh1 Rg6 $11) 24. Kh1 $1 Qf3+ 25. Kg1 Qg4+ 26. Kh1 $1 {Accuracy: White = 65%, Black = 52%.} 1/2-1/2

[Event "RUS-chT Premier 2019"]
[Site "Sochi"]
[Date "2019.05.10"]
[Round "9.29"]
[White "Alekseenko, Kirill"]
[Black "Lomasov, Semyon"]
[Result "1-0"]
[WhiteElo "2636"]
[BlackElo "2541"]
[Annotator "TA"]
[PlyCount "59"]
[EventDate "2019.05.01"]
[EventType "team-tourn"]
[EventCountry "RUS"]
[SourceTitle "playchess.com"]
[Source "ChessBase"]
[SourceQuality "1"]

{[%evp 12,85,22,27,14,0,0,11,18,0,41,34,43,35,40,39,29,18,22,12,26,14,14,26,190,186,277,277,373,299,291,281,434,436,418,432,413,341,339,335,315,329,341,330,330,272,310,323,356,358,639,264,294,288,372,118,246,246,447,190,233,245,1062,1047,1014,895,1007,897,890,807,700,859,852,851,5257,5082]} 1. e4 e6 2. d4 d5 3. e5 c5 4. c3 Nc6 5. Nf3 Qb6 6. a3 Nh6 7. Bd3 cxd4 {C02: French: Advance Variation} 8. O-O Bd7 (8... Nf5 9. Bxf5 exf5 10. cxd4 Be6 11. Nc3 h6 12. b4 Rc8 13. Qd3 Qd8 14. Bd2 g5 15. Ne2 f4 16. g3 Qd7 17. gxf4 Bf5 18. Qe3 Be4 19. Ng3 gxf4 20. Qxf4 {½-½ (48) Esipenko,A (2616)-Studer,N (2514) Karlsruhe 2019}) 9. b4 Rc8 $146 {The position is equal.} ({Predecessor:} 9... a6 10. Qe2 dxc3 11. Nxc3 Nd4 12. Nxd4 Qxd4 13. Bb2 Qb6 14. Rad1 Be7 15. Rfe1 {1-0 (47) Cvorovic,D (2395)-Zaja,I (2395) Solin 1993}) 10. h3 Nf5 11. Bxf5 exf5 12. cxd4 a5 13. Nc3 {[%cal Bb1c3,Bc3a4,Ba4c5][%mdl 32]} Be6 $1 14. Na4 Qb5 15. Nc5 axb4 16. axb4 Be7 17. Bg5 $36 {[%mdl 2048] White is pushing.} b6 $2 (17... h6 $1 $11 18. Bxe7 Kxe7) 18. Bxe7 $18 Kxe7 (18... Nxe7 {might work better.} 19. Nb7 O-O) 19. Nb7 $1 Rhd8 20. Nxd8 Kxd8 21. Ng5 {Hoping for Qh5.} Ke7 (21... g6 $142 22. Rb1 Qc4) 22. Nxh7 Qxb4 23. Ra4 Qc3 24. Qb1 {Black must now prevent Rc1.} Nxd4 25. Qxb6 Nc6 26. Qb7+ Bd7 27. Raa1 Nxe5 28. Qxd5 Qc5 29. Qd2 f6 30. Rfd1 {Played: Rf1-e1} 1-0

[Event "RUS-chT Premier 2019"]
[Site "Sochi"]
[Date "2019.05.10"]
[Round "9.30"]
[White "Kryakvin, Dmitry"]
[Black "Goganov, Aleksey"]
[Result "1-0"]
[WhiteElo "2588"]
[BlackElo "2570"]
[Annotator "ChessBase"]
[PlyCount "90"]
[EventDate "2019.05.01"]
[EventType "team-tourn"]
[EventCountry "RUS"]
[SourceTitle "playchess.com"]
[Source "ChessBase"]
[SourceQuality "1"]
[TimeControl "40/5400+30:1800+30"]

1. c4 {[%emt 0:00:00]} c6 {[%emt 0:00:00]} 2. e4 {[%emt 0:01:46]} d5 {[%emt 0:00:00]} 3. exd5 {[%emt 0:00:05]} cxd5 {[%emt 0:00:00]} 4. d4 {[%emt 0:00:05]} Nf6 {[%emt 0:00:00]} 5. Nc3 {[%emt 0:00:12]} Nc6 {[%emt 0:00:06]} 6. Bg5 {[%emt 0:00:14]} Be6 {[%emt 0:00:24]} 7. Bxf6 {[%emt 0:10:01]} exf6 {[%emt 0:00:10]} 8. c5 {[%emt 0:00:04]} g6 {[%emt 0:01:58]} 9. Bb5 {[%emt 0:04:42]} Bg7 {[%emt 0:08:16]} 10. Nge2 {[%emt 0:01:01]} O-O {[%emt 0:00:13]} 11. O-O {[%emt 0:00:06]} Qc7 {[%emt 0:06:53]} 12. Qd2 {[%emt 0:01:26]} a5 {[%emt 0:16:01]} 13. Rac1 {[%emt 0:04:25]} f5 {[%emt 0:03:27]} 14. Ba4 {[%emt 0:03:34]} Qe7 {[%emt 0:21:56]} 15. Nb5 {[%emt 0:03:32]} Qh4 {[%emt 0:03:53]} 16. g3 {[%emt 0:03:02]} Qf6 {[%emt 0:06:17]} 17. Rc3 {[%emt 0:06:18]} g5 {[%emt 0:14:06]} 18. f4 {[%emt 0:02:27]} gxf4 {[%emt 0:01:00]} 19. gxf4 {[%emt 0:04:08]} Rae8 {[%emt 0:04:40]} 20. Rg3 {[%emt 0:07:32]} Bd7 {[%emt 0:00:41]} 21. Nec3 {[%emt 0:09:59]} Be6 {[%emt 0:02:22]} 22. Kh1 {[%emt 0:01:01]} Ne7 {[%emt 0:00:49]} 23. Bb3 {[%emt 0:04:34]} Rd8 {[%emt 0:02:22]} 24. Qg2 {[%emt 0:03:35]} Kh8 {[%emt 0:00:16]} 25. Qf3 {[%emt 0:01:43]} Bd7 {[%emt 0:01:24]} 26. Rfg1 {[%emt 0:02:37]} Ng6 {[%emt 0:03:33]} 27. Bxd5 {[%emt 0:09:37]} Bc6 {[%emt 0:00:07]} 28. Nd6 {[%emt 0:05:24]} Rxd6 {[%emt 0:00:03]} 29. cxd6 {[%emt 0:00:19]} Qxd6 {[%emt 0:00:03]} 30. Bxc6 {[%emt 0:00:33]} bxc6 {[%emt 0:00:03]} 31. d5 {[%emt 0:01:19]} cxd5 {[%emt 0:00:11]} 32. Qxd5 {[%emt 0:00:45]} Qxf4 {[%emt 0:00:05]} 33. Qxa5 {[%emt 0:02:29]} Rb8 {[%emt 0:01:22]} 34. Qa4 {[%emt 0:00:35]} Qf2 {[%emt 0:01:15]} 35. R3g2 {[%emt 0:00:36]} Qf3 {[%emt 0:00:12]} 36. Qd1 {[%emt 0:00:22]} Qc6 {[%emt 0:01:09]} 37. Qd5 {[%emt 0:00:34]} Qf6 {[%emt 0:00:02]} 38. Rf2 {[%emt 0:01:55]} f4 {[%emt 0:00:13]} 39. Ne4 {[%emt 0:00:39]} Qd4 {[%emt 0:00:09]} 40. Rd1 {[%emt 0:00:00]} Qxd5 {[%emt 0:00:00]} 41. Rxd5 {[%emt 0:00:41]} Bxb2 {[%emt 0:02:32]} 42. Nd6 {[%emt 0:01:55]} Bf6 {[%emt 0:06:15]} 43. Rb5 {[%emt 0:01:21]} Ra8 {[%emt 0:01:29]} 44. Rc2 {[%emt 0:04:19]} Ra6 {[%emt 0:02:26]} 45. Rc8+ {[%emt 0:00:41]} Kg7 {[%emt 0:00:06]} 1-0